Pravidlá nízkej kapitalizácie v zákone o dani z príjmov

Ekonomická podstata nízkej kapitalizácie. Legislatívna úprava pravidiel nízkej kapitalizácie v podmienkach SR. Pravidlá nízkej kapitalizácie v ZDP od roku 2015.

Guardado en:
Detalles Bibliográficos
Autor principal: Horniaček, Peter
Formato: Capítulo de libro
Lenguaje:eslovaco
Materias:
Etiquetas: Agregar Etiqueta
Sin Etiquetas, Sea el primero en etiquetar este registro!

MARC

LEADER 00000naa a2200000 4500
001 0200484
005 20231114104028.2
041 0 |a slo 
044 |a SK 
245 1 0 |a Pravidlá nízkej kapitalizácie v zákone o dani z príjmov  |c Peter Horniaček 
520 |a Ekonomická podstata nízkej kapitalizácie. Legislatívna úprava pravidiel nízkej kapitalizácie v podmienkach SR. Pravidlá nízkej kapitalizácie v ZDP od roku 2015. 
610 2 0 |a kapitalizácia 
610 2 0 |a financovanie podnikov 
610 2 0 |a úpravy právne 
100 1 |a Horniaček, Peter